000 00349 a2200169 4500
001 188477
020 _a85-262-6044-8
040 _cMagnum
100 _aLudemir, JĂșlio
240 1 0 _aMais um pai
_lpor
245 1 0 _aMais um pai
300 _a71
362 0 _a2005
440 1 _aScipione
697 _aLITERATURA INFANTO-JUVENIL
942 _cBK
999 _c188477
_d188477